000 00474nam a2200169Ia 4500
008 230711s9999||||xx |||||||||||||| ||und||
020 _a978-81-204-0969-9
041 _aENG
082 _a633.10491
_bCH-P
100 _aChakraverty, A
245 0 _aPost Harvest Technology of Cerals, Pulses and Oilseeds
250 _a3rd Ed.
260 _c1995
_aNew Delhi
_bCBS Publishers & Distributors Pvt.Ltd
300 _a349p.
650 _aFood Science and Technology
942 _cBK
999 _c7430
_d7430